000 00455nam a2200181Ia 4500
008 090124s9999 xx 000 0 und d
082 _b105780
100 _aअमरेंद्र.
245 _a प्रतिमा
250 _a1
260 _c1956
300 _a32
600 _aअमरेंद्र.
630 _a प्रतिमा
700 _aअमरेंद्र.
730 _a प्रतिमा
942 _cBOOK
999 _c151871
_d151871